000 00804nam a22002651 4500
001 33360
003 BD-RjUL
005 20211209052007.0
008 140507s1960 njua 001 0 eng
035 _a(BD-RjUL)33451
040 _aDLC
_cDLC
_dDLC
_dBD-RjUL
_beng
041 _aeng
082 0 0 _a301
_bLOS 1960
_223
100 1 _aLoomis, Charles Price,
_d1905-
_9100983
245 1 0 _aSocial systems :
_b essays on their persistence and change /
_cCharles P. Loomis
260 _aPrinceton, N.J. :
_bVan Nostrand,
_c1960.
300 _axi, 349 p. :
_bill. ;
_c24 cm.
504 _aIncludes index.
650 0 _aSocial systems.
_9100653
650 0 _aSocial change.
_9101263
942 _2ddc
_cBK
999 _c33360
_d33360